000 00353nam a2200133Ia 4500
005 20260328101515.0
008 260328s9999||||xx |||||||||||||| ||und||
100 _aCampos, Juan C
245 0 _aInvestigaciones técnicas /
_cJuan C Campos
260 _bMinisterio de la Construcción
300 _a123 p.
650 _aDETALLES CONSTRUCTIVOS
942 _cBK
999 _c9359
_d9359